Sports Quiz

Random Sports Quiz

Bowl Teams 2009-2010 Quiz Stats

 Plays Quiz not verified by Sporcle

Also try: Two-Time Pros
Challenge
Share
Tweet
Embed
Score 0/68 Timer 10:00
0 Plays Today
School % Correct
Florida
96.9%
Texas
96.3%
Southern Cal
95%
Alabama
94.4%
Ohio
93.8%
Georgia
93.1%
Miami
91.9%
Florida State
91.9%
Oregon
91.9%
Iowa
91.3%
Texas Tech
90.6%
Oregon State
90%
Ohio State
90%
North Carolina
89.4%
Arizona
88.8%
Michigan State
88.8%
TCU
88.8%
UCLA
88.1%
Oklahoma
86.9%
LSU
86.9%
Penn State
86.3%
Boise State
86.3%
Tennessee
85%
Georgia Tech
85%
Texas A&M
83.8%
Mississippi
83.1%
West Virginia
82.5%
Arkansas
82.5%
Wisconsin
81.9%
Nebraska
81.9%
Utah
81.3%
Virginia Tech
81.3%
South Carolina
81.3%
Stanford
80.6%
School % Correct
Boston College
80%
Kentucky
80%
Cincinnati
80%
Oklahoma State
78.8%
Pittsburgh
77.5%
Clemson
77.5%
Minnesota
77.5%
Auburn
77.5%
Missouri
76.9%
California
73.8%
Navy
73.8%
Rutgers
71.9%
Brigham Young
70.6%
Connecticut
70.6%
Northwestern
66.9%
Nevada
64.4%
Iowa State
63.1%
Central Michigan
61.3%
Air Force
59.4%
South Florida
59.4%
Idaho
58.1%
Houston
56.3%
Central Florida
55%
Southern Methodist
51.9%
Wyoming
51.3%
Temple
51.3%
East Carolina
48.1%
Marshall
46.3%
Fresno State
45%
Troy
43.8%
Northern Illinois
41.3%
Southern Miss
38.8%
Bowling Green
38.1%
Middle Tennessee
30.6%

You're not logged in!

Compare scores with friends on all Sporcle quizzes.
OR
Log In

You Might Also Like...

Show Comments

Extras

Top Quizzes Today


Score Distribution

Your Account Isn't Verified!

In order to create a playlist on Sporcle, you need to verify the email address you used during registration. Go to your Sporcle Settings to finish the process.

Report this User

Report this user for behavior that violates our Community Guidelines.

Details: